හැංගි මුත්තං (Record no. 3456)

MARC details
000 -LEADER
fixed length control field 00632nam a2200193 4500
003 - CONTROL NUMBER IDENTIFIER
control field LK-CoMWRAF
005 - DATE AND TIME OF LATEST TRANSACTION
control field 20231201110318.0
008 - FIXED-LENGTH DATA ELEMENTS--GENERAL INFORMATION
fixed length control field 230907b2001 |||||||| |||| 00| 0 eng d
040 ## - CATALOGING SOURCE
Original cataloging agency LK-CoMWRAF
Modifying agency LK-CoMWRAF
Description conventions LK-CoMWRAF
041 ## - LANGUAGE CODE
Language code of text/sound track or separate title Sinhala; Sinhalese
082 ## - DEWEY DECIMAL CLASSIFICATION NUMBER
Classification number 891.483
Item number KAR
942 ## - ADDED ENTRY ELEMENTS (KOHA)
Koha item type Books
100 ## - MAIN ENTRY--PERSONAL NAME
Personal name කරල්ලියද්ද, සමන්
700 ## - ADDED ENTRY--PERSONAL NAME
Personal name සිල්වා, අනිල් සුසාන්ද
Relator Term illustrator
245 ## - TITLE STATEMENT
Title හැංගි මුත්තං
246 ## - VARYING FORM OF TITLE
Title proper/short title Hangi muththan
260 ## - PUBLICATION, DISTRIBUTION, ETC. (IMPRINT)
Place of publication, distribution, etc. ආණමඩුව :
Name of publisher, distributor, etc. තෝතැන්න ප්‍ර‍කාශන,
Date of publication, distribution, etc. 2001
650 ## - SUBJECT ADDED ENTRY--TOPICAL TERM
Topical term or geographic name as entry element ළමා කතා
Holdings
Withdrawn status Lost status Damaged status Not for loan Permanent Location Current Location Date acquired Full call number Barcode Koha item type
        Resource center, Muslim Women's Research And Action Forum Resource center, Muslim Women's Research And Action Forum 2023-09-07 891.483 KAR RAF903 Books
        Resource center, Muslim Women's Research And Action Forum Resource center, Muslim Women's Research And Action Forum 2023-11-15 891.483 KAR RAF2788 Books

Copyright © 2023 Muslim Women's Research and Action Forum (MWRAF), No 27/3, Anderson Road, Kalubowila, Dehiwela. Funded by The Asia Fundation